000 00730nam a2200289Ia 4500
005 20260324120942.0
008 008 260324s9999 xx 000 0 eng d
020 _a9780203093184
037 _aEBOOK
040 _aCRL
040 _beng
040 _cCRL
041 _2eng
041 _aeng
084 _qCRL
100 _aLauren Tashman; J. Gualberto Cremades
_91160606
245 0 _aBecoming a Sport, Exercise, and Performance Psychology Professional
245 2 _bA Global Perspective
260 _bTaylor and Francis
260 _c2014
365 _a
365 _b230
856 _uhttp://www.taylorfrancis.com/books/9780203093184
942 _cEBOOK
999 _c1752416
_d1752416